| 000 | 00799nam a2200217Ia 4500 | ||
|---|---|---|---|
| 005 | 20241129111436.0 | ||
| 008 | 241129s9999||||xx |||||||||||||| ||und|| | ||
| 020 | _a978-81-92191-57-7 | ||
| 037 | _aTB | ||
| 040 |
_aCRL _bhin _cCRL |
||
| 041 |
_ahin _2hin |
||
| 084 |
_aO152,3x Q8 _qCRL |
||
| 100 | _aश्रीवास्तवए मुकुलए लेण् | ||
| 245 | 0 |
_aयायावरी की कहानियां लौट के बताता हूं _cश्रीवास्तवए मुकुलए लेण् |
|
| 260 |
_aदिल्ली, भारत _bयश पब्लिशर्स _c2018 |
||
| 300 | _a210पृ0 | ||
| 365 |
_aINR _b199 |
||
| 650 |
_aHindi Literature _923866 |
||
| 942 |
_cTB _hO152,3x Q8 |
||
| 999 |
_c1230487 _d1230487 |
||